| 000 | 01976cam a22002898i 4500 | ||
|---|---|---|---|
| 999 |
_c603 _d603 |
||
| 001 | ocn957021681 | ||
| 003 | OCoLC | ||
| 005 | 20190904094558.0 | ||
| 008 | 180306s2017 nyu 000 f eng | ||
| 020 | _a9781250083524 | ||
| 040 |
_aDLC _beng _erda _cDLC _dYDX _dBDX _dTOH _dOCLCO _dOCLCF _dVTL _dIK2 _dMCT _dCZA _dJAS _dSFR _dUtOrBLW _dCaOL |
||
| 082 | _aFIC ABR | ||
| 100 | 1 |
_aAbraham, Brad, _eauthor. |
|
| 245 | 1 | 0 |
_aMagicians impossible / _cBrad Abraham. |
| 264 | 1 |
_aNew York : _bThomas Dunne Books. An imprint of St. Martin's Press, _c[2017] |
|
| 300 |
_a393 pages ; _c22 cm. |
||
| 336 |
_atext _btxt _2rdacontent. |
||
| 337 |
_aunmediated _bn _2rdamedia. |
||
| 338 |
_avolume _bnc _2rdacarrier. |
||
| 520 | _a"Twentysomething bartender Jason Bishop's world is shattered when his estranged father commits suicide, but the greater shock comes when he learns his father was a secret agent in the employ of the Invisible Hand; an ancient society of spies wielding magic in a centuries-spanning war. Now the Golden Dawn; the shadowy cabal of witches and warlocks responsible for Daniel Bishop's murder, and the death of Jason's mother years before, have Jason in their sights. His survival will depend on mastering his own dormant magic abilities; provided he makes it through the training. From New York, to Paris, to world between worlds, Jason's journey through the realm of magic will be fraught with peril. But with enemies and allies on both sides of this war, whom can he trust? The Invisible Hand, who've been more of a family than his own family ever was? The Golden Dawn, who may know the secrets behind his mysterious lineage? For Jason Bishop, only one thing is for certain; the magic he has slowly been mastering is telling him not to trust anybody."--Provided by publisher. | ||
| 650 | 0 |
_aSecret societies _vFiction. |
|
| 650 | 0 |
_aMagic _vFiction. |
|
| 650 | 0 |
_aGood and evil _vFiction. |
|
| 650 | 0 |
_aWitches _vFiction. |
|
| 655 | 0 | _aFantasy fiction. | |
| 942 |
_2ddc _cFIC |
||